=LDR 00000nam 2200000 4500 =001 INLIS000000000050910 =005 20170804023521 =035 ##$$a 0010-0817000093 =007 ta =008 170804###########################0###### =082 ##$$a 028.5 =084 ##$$a 028.5 IPU o =100 #$$a Iput =245 1#$$a Odong-Odong Dongeng /$c Iput =260 ##$$a Jakarta :$b Naura,$c 2016 =300 ##$$a 20 hlm : $b ilus. ; $c 18 cm =650 ##$$a Bacaan Kanak-Kanak =700 #$$a Nurhardiansyah =990 ##$$a 89898989 =990 ##$$a 31701742